|
|
|
|
| LEADER |
02741nam a2200733 4500 |
| 001 |
ocn845516991 |
| 003 |
OCoLC |
| 005 |
20170124071727.2 |
| 006 |
m o d |
| 007 |
cr cnu---unuuu |
| 008 |
130531s2013 enk ob 001 0 eng d |
| 040 |
|
|
|a YDXCP
|b eng
|e pn
|c YDXCP
|d OCLCO
|d DG1
|d N$T
|d IDEBK
|d CUS
|d OCLCF
|d OCLCQ
|d DEBBG
|d OCLCQ
|d GrThAP
|
| 019 |
|
|
|a 843331675
|
| 020 |
|
|
|a 9781118574799
|q (electronic bk.)
|
| 020 |
|
|
|a 1118574796
|q (electronic bk.)
|
| 020 |
|
|
|a 9781118574829
|q (electronic bk.)
|
| 020 |
|
|
|a 1118574826
|q (electronic bk.)
|
| 020 |
|
|
|a 129960658X
|q (ebk)
|
| 020 |
|
|
|a 9781299606586
|q (ebk)
|
| 020 |
|
|
|z 9781848214538
|
| 020 |
|
|
|z 1848214537
|
| 029 |
1 |
|
|a AU@
|b 000051629453
|
| 029 |
1 |
|
|a CHBIS
|b 009794364
|
| 029 |
1 |
|
|a CHBIS
|b 010441766
|
| 029 |
1 |
|
|a CHVBK
|b 302194207
|
| 029 |
1 |
|
|a CHVBK
|b 334092981
|
| 029 |
1 |
|
|a DEBBG
|b BV041876912
|
| 029 |
1 |
|
|a DEBBG
|b BV041912938
|
| 029 |
1 |
|
|a DKDLA
|b 820120-katalog:000652620
|
| 029 |
1 |
|
|a NZ1
|b 15341679
|
| 035 |
|
|
|a (OCoLC)845516991
|z (OCoLC)843331675
|
| 037 |
|
|
|a 491908
|b MIL
|
| 050 |
|
4 |
|a QA76.76.D47
|b D48 2013
|
| 072 |
|
7 |
|a COM
|x 051390
|2 bisacsh
|
| 072 |
|
7 |
|a COM
|x 051230
|2 bisacsh
|
| 072 |
|
7 |
|a COM
|x 051440
|2 bisacsh
|
| 082 |
0 |
4 |
|a 005.1
|2 23
|
| 049 |
|
|
|a MAIN
|
| 100 |
1 |
|
|a Deuff, Dominique.
|
| 245 |
1 |
0 |
|a User-centered agile method /
|c Dominique Deuff, Mathilde Cosquer.
|
| 264 |
|
1 |
|a London :
|b ISTE ;
|c 2013.
|
| 264 |
|
1 |
|a Hoboken, NJ :
|b Wiley,
|c 2013.
|
| 300 |
|
|
|a 1 online resource (ix, 116 pages).
|
| 336 |
|
|
|a text
|b txt
|2 rdacontent
|
| 337 |
|
|
|a computer
|b c
|2 rdamedia
|
| 338 |
|
|
|a online resource
|b cr
|2 rdacarrier
|
| 490 |
1 |
|
|a Focus series in networks and telecommunications
|
| 588 |
0 |
|
|a Print version record.
|
| 504 |
|
|
|a Includes bibliographical references and index.
|
| 650 |
|
0 |
|a Scrum (Computer software development)
|
| 650 |
|
0 |
|a User-centered system design.
|
| 650 |
|
0 |
|a Agile software development.
|
| 650 |
|
7 |
|a COMPUTERS
|x Programming
|x Open Source.
|2 bisacsh
|
| 650 |
|
7 |
|a COMPUTERS
|x Software Development & Engineering
|x General.
|2 bisacsh
|
| 650 |
|
7 |
|a COMPUTERS
|x Software Development & Engineering
|x Tools.
|2 bisacsh
|
| 650 |
|
7 |
|a Agile software development.
|2 fast
|0 (OCoLC)fst01743753
|
| 650 |
|
7 |
|a Scrum (Computer software development)
|2 fast
|0 (OCoLC)fst01109448
|
| 650 |
|
7 |
|a User-centered system design.
|2 fast
|0 (OCoLC)fst01740021
|
| 655 |
|
4 |
|a Electronic books.
|
| 700 |
1 |
|
|a Cosquer, Mathilde.
|
| 776 |
0 |
8 |
|i Print version:
|a Deuff, Dominique.
|t User-centered agile method.
|d London : Iste ; Hoboken, NJ : Wiley, 2013
|z 9781848214538
|
| 830 |
|
0 |
|a Focus series in networks and telecommunications.
|
| 856 |
4 |
0 |
|u https://doi.org/10.1002/9781118574829
|z Full Text via HEAL-Link
|
| 994 |
|
|
|a 92
|b DG1
|